Lidské zdroje a fondy EU evropský sociální fond jako nástroj spolufinancování projektů v oblasti rozvoje lidských zdrojů
Enregistré dans:
| Auteur principal: | |
|---|---|
| Format: | Livre |
| Langue: | tchèque |
| Publié: |
Praha
ASPI
2006
|
| Collection: | Možnosti EU
|
| Sujets: | |
| Tags: |
Pas de tags, Soyez le premier à ajouter un tag!
|
MARC
| LEADER | 00000nam$a2200000$$$4500 | ||
|---|---|---|---|
| 001 | 0061166 | ||
| 005 | 20240313090001.1 | ||
| 020 | |a 80-7357-139-0 | ||
| 041 | 0 | |a cze | |
| 044 | |a CZ | ||
| 245 | 1 | 0 | |a Lidské zdroje a fondy EU |b evropský sociální fond jako nástroj spolufinancování projektů v oblasti rozvoje lidských zdrojů |c Miroslav Pavlák |
| 264 | 1 | |a Praha |b ASPI |c 2006 | |
| 300 | |a 127 s. | ||
| 490 | 1 | |a Možnosti EU | |
| 830 | 0 | |a Možnosti EU | |
| 610 | 2 | 0 | |a zdroje ľudské |
| 610 | 2 | 0 | |a fond sociálny |
| 610 | 2 | 0 | |a financovanie projektové |
| 610 | 2 | 0 | |a rozvoj pracovníkov |
| 610 | 2 | 0 | |a podnik malý |
| 610 | 2 | 0 | |a podnik stredný |
| 610 | 2 | 0 | |a riadenie personálne |
| 610 | 2 | 0 | |a sektor verejný |
| 610 | 2 | 0 | |a správa verejná |
| 610 | 2 | 0 | |a politika personálna |
| 610 | 2 | 0 | |a metódy riadenia |
| 610 | 2 | 0 | |a komunikácia |
| 610 | 2 | 0 | |a práca tímová |
| 100 | 1 | |a Pavlák, Miroslav | |